000 00284nam a22001217a 4500
003 SGT
082 _a340
_bVER
100 _aINDIAN LAW INSTITUTE
245 _aANNUAL SURVEY OF INDIAN LAW 2000
260 _aNEW DELHI
_bTHE INDIAN LAW INSTITUTE
_c2000
300 _a585
942 _2ddc
_cBK
999 _c18461
_d18461